000 00532nam a22001337a 4500
999 _c509520
_d509520
082 _aAPPPA 2018-19\MAJ
100 _aMajumdar, Abhirup
_95451
245 _aAccountability of fourth estate in the context of its increasing role in shaping conflict situations
_cby Abhirup Majumdar
260 _aNew Delhi:
_bIndian Institute of Public Administration,
_c2019
300 _a120p.
500 _a APPPA Dissertation , 2018-19 (Guide: Dr. Neetu Jain)
650 _aIndia -- Jammu and Kashmir.
_96332
650 _aMass media -- India
_96333